| 000 | 00827nam a2200289Ma 4500 | ||
|---|---|---|---|
| 001 | 86594 | ||
| 005 | 20230410143144.0 | ||
| 008 | 990412s1999 fr b 001 0 fre d | ||
| 010 | _a 99195429 | ||
| 035 | _a(OCoLC)ocn300935101 | ||
| 040 |
_aRUQBL _bfre _cRUQBL |
||
| 020 | _a2724607600 | ||
| 020 | _a9782724607604 | ||
| 035 | _a(OCoLC)300935101 | ||
| 055 | 3 |
_aDC417 _bK42.1999 |
|
| 049 | _aGRAL | ||
| 050 | 1 | 4 | _abK42 1999 |
| 100 | 1 | _aKessler, Marie-Christine. | |
| 245 | 1 | 3 |
_aLa politique étrangáere de la France : _bacteurs et processus / _cMarie-Christine Kessler. |
| 260 |
_aParis : _bPresses de Sciences Po, _c1999. |
||
| 300 | _a498 p. | ||
| 440 | 0 | _aRéférences inédites | |
| 653 |
_a- _aEtranger _aExterieur _aFrance _aPolitique _aRelation |
||
| 942 |
_2lcc _cbk |
||
| 994 |
_aC0 _bDRFGD |
||
| 946 | _acc | ||
| 999 |
_c96738 _d96738 |
||